banner-ar

ثرثة اخرى فوق النيل : (Record no. 60935)

MARC details
000 -الفاتح
حقل البيانات ثابتة الطول 00857nam a22002297a 4500
005 - وقت وتاريخ اخر تعامل مع التسجيلة
رقم الضبط 20240530110435.0
008 - عناصر البيانات ثابتة الطول - معلومات عامة
حقل البيانات ثابتة الطول 150328s2010 ua f 000 e ara d
017 ## - رقم الايداع القانونى
رقم الايداع القانونى 2010/14063
المصدر ( الهيئة المختصة) مصر . دار الكتب المصرية
020 ## - الرقم الدولى المعيارى للكتب
الرقم الدولى المعيارى للكتاب 9789770928884
040 ## - مصدر الفهرسة
وكالة الفهرسة الأصلية EG-CaGPL
082 04 - رقم تصنيف ديوى العشرى
رقم الطبعة 21
رقم التصنيف 327.117
رقم المادة ق/ع ث
100 0# - المدخل الرئيسى - إسم شخصى
الإسم الشخصى عادل حمودة
245 10 - بيان العنوان
العنوان ثرثة اخرى فوق النيل :
بقية العنوان رحلاتى الى منابع نهر النيل ( اثيوبيا - اوغندا - السودان )
بيان المسئوليه,etc عادل حمودة
250 ## - بيان الطبعة
بيان الطبعة ط1
260 ## - PUBLICATION, DISTRIBUTION, ETC. (IMPRINT)
تاريخ النشر أو التوزيع 2010
300 ## - الوصف المادى
التعداد 175 ص ؛
أبعاد الوعاء 24 سم
650 04 - المدخل الاضافى بالموضوع-مصطلح موضوعى
مصطلح موضوعي ادب الرحلات
650 04 - المدخل الاضافى بالموضوع-مصطلح موضوعى
مصطلح موضوعي نهر النيل
التقسيم الفرعي العام مشاكل
650 04 - المدخل الاضافى بالموضوع-مصطلح موضوعى
مصطلح موضوعي نهر النيل
التقسيم الفرعي العام مقالات ومحاضرات
942 ## - عناصر المدخل الإضافي( كوها)
مصدر التصنيف او مخطط الترفيف Dewey Decimal Classification
Koha [default] item type كتاب
260 ## - PUBLICATION, DISTRIBUTION, ETC. (IMPRINT)
-- القاهرة :
-- دار الشروق ،
Holdings
حالة التراجع حالة الفقد حالة تلف ليس للاعارة المكان المؤقت الموقع الحالى تاريخ الاكتساب اجمالي اﻻعارات رقم الطلب الباركود تاريخ اخر مشاهدة تاريخ تفعيل السعر نوع وعاء كوها
        مكتبة القاهرة الكبرى مكتبة القاهرة الكبرى 04/08/2015   327.117 ق/ع ث 160130 04/08/2015 04/08/2015 كتاب

Powered By

EGPV